<?xml version="1.0" encoding="UTF-8"?>
<record
    xmlns:xsi="http://www.w3.org/2001/XMLSchema-instance"
    xsi:schemaLocation="http://www.loc.gov/MARC21/slim http://www.loc.gov/standards/marcxml/schema/MARC21slim.xsd"
    xmlns="http://www.loc.gov/MARC21/slim">

  <leader>02214nam a2200409   4500</leader>
  <controlfield tag="001">113460</controlfield>
  <controlfield tag="003">DR-UNIBE</controlfield>
  <controlfield tag="005">20251013150159.0</controlfield>
  <controlfield tag="008">250416b2008    dr ||||| |||| 00| 0 spa d</controlfield>
  <datafield tag="040" ind1=" " ind2=" ">
    <subfield code="a">BIBLIOTECA UNIBE</subfield>
    <subfield code="b">spa</subfield>
    <subfield code="c">BIBLIOTECA UNIBE</subfield>
  </datafield>
  <datafield tag="041" ind1=" " ind2=" ">
    <subfield code="a">spa</subfield>
  </datafield>
  <datafield tag="082" ind1=" " ind2=" ">
    <subfield code="2">22</subfield>
    <subfield code="a">RD 345.805 A265d</subfield>
  </datafield>
  <datafield tag="100" ind1="1" ind2=" ">
    <subfield code="a">Agel&#xE1;n Casasnovas, Esther Elisa</subfield>
    <subfield code="e">autor</subfield>
    <subfield code="9">154692</subfield>
  </datafield>
  <datafield tag="100" ind1="1" ind2=" ">
    <subfield code="a">Veras Alm&#xE1;nzar, Sarah Altagracia</subfield>
    <subfield code="e">autor</subfield>
    <subfield code="9">194367</subfield>
  </datafield>
  <datafield tag="245" ind1="1" ind2="0">
    <subfield code="a">Derecho procesal penal en el sistema acusatorio latinoamericano. Primera parte /</subfield>
    <subfield code="c">Esther Elisa Agel&#xE1;n Casasnovas, Sarah Altagracia Veras Alm&#xE1;nzar</subfield>
  </datafield>
  <datafield tag="250" ind1=" " ind2=" ">
    <subfield code="a">Primera edici&#xF3;n</subfield>
  </datafield>
  <datafield tag="260" ind1=" " ind2=" ">
    <subfield code="a">Santo Domingo :</subfield>
    <subfield code="b">Comisionado de Apoyo a la Reforma y Modernizaci&#xF3;n de la Justicia (CARMJ),</subfield>
    <subfield code="c">2008</subfield>
  </datafield>
  <datafield tag="300" ind1=" " ind2=" ">
    <subfield code="a">xxix, 296 p&#xE1;ginas</subfield>
  </datafield>
  <datafield tag="504" ind1=" " ind2=" ">
    <subfield code="a">Incluye referencias bibliogr&#xE1;ficas (p&#xE1;ginas: 193-195) e &#xED;ndice</subfield>
  </datafield>
  <datafield tag="505" ind1="0" ind2=" ">
    <subfield code="a">Cap&#xED;tulo I. Las ra&#xED;ces del proceso penal latinoamericano |
Cap&#xED;tulo II. Sistema de valoraci&#xF3;n de pruebas a la luz del caso concreto. La sana cr&#xED;tica racional |
Cap&#xED;tulo III. Presentaci&#xF3;n estrat&#xE9;gica de la versi&#xF3;n de los hechos. Teor&#xED;a del caso |
Cap&#xED;tulo IV. Medidas cautelares o de coerci&#xF3;n: cautela, precauci&#xF3;n, no sanci&#xF3;n |
Cap&#xED;tulo V. Las cuestiones propias de la audiencia preliminar |
Cap&#xED;tulo VI. Juicio o debate oral: despliegue de estrategias |
Bibliograf&#xED;a
</subfield>
  </datafield>
  <datafield tag="650" ind1=" " ind2="7">
    <subfield code="2">lemb</subfield>
    <subfield code="a">Procedimiento penal</subfield>
    <subfield code="z">Am&#xE9;rica Latina</subfield>
    <subfield code="9">199751</subfield>
  </datafield>
  <datafield tag="650" ind1=" " ind2="7">
    <subfield code="2">lemb</subfield>
    <subfield code="a">Derecho penal</subfield>
    <subfield code="z">Am&#xE9;rica Latina</subfield>
    <subfield code="9">199752</subfield>
  </datafield>
  <datafield tag="650" ind1=" " ind2="7">
    <subfield code="2">lemb</subfield>
    <subfield code="a">Derecho procesal</subfield>
    <subfield code="z">Am&#xE9;rica Latina</subfield>
    <subfield code="9">199753</subfield>
  </datafield>
  <datafield tag="650" ind1=" " ind2="7">
    <subfield code="2">lemb</subfield>
    <subfield code="a">Proceso penal</subfield>
  </datafield>
  <datafield tag="650" ind1=" " ind2="7">
    <subfield code="2">lemb</subfield>
    <subfield code="a">Prueba (Derecho)</subfield>
  </datafield>
  <datafield tag="650" ind1=" " ind2="7">
    <subfield code="2">lemb</subfield>
    <subfield code="a">Prueba penal</subfield>
  </datafield>
  <datafield tag="650" ind1=" " ind2="7">
    <subfield code="2">lemb</subfield>
    <subfield code="a">Procesos (Derecho)</subfield>
  </datafield>
  <datafield tag="650" ind1=" " ind2="7">
    <subfield code="2">lemb</subfield>
    <subfield code="a">Medidas cautelares</subfield>
  </datafield>
  <datafield tag="700" ind1="1" ind2=" ">
    <subfield code="a">Moscoso Segarra, Alejandro</subfield>
    <subfield code="e">presentaci&#xF3;n</subfield>
    <subfield code="e">coordinador general</subfield>
    <subfield code="9">24099</subfield>
  </datafield>
  <datafield tag="700" ind1="1" ind2=" ">
    <subfield code="a">Houed Vega, Mario A.</subfield>
    <subfield code="e">prologuista</subfield>
    <subfield code="9">194371</subfield>
  </datafield>
  <datafield tag="700" ind1=" " ind2=" ">
    <subfield code="a">Resumil de Sanfilippo, Olga Elena</subfield>
    <subfield code="e">prologuista</subfield>
    <subfield code="9">111921</subfield>
  </datafield>
  <datafield tag="700" ind1="1" ind2=" ">
    <subfield code="a">J&#xE1;quez Liranzo, Rom&#xE1;n A.</subfield>
    <subfield code="e">revisor general</subfield>
    <subfield code="9">157785</subfield>
  </datafield>
  <datafield tag="700" ind1="1" ind2=" ">
    <subfield code="a">Reyes, Jeimie</subfield>
    <subfield code="e">corrector de estilo</subfield>
    <subfield code="9">158217</subfield>
  </datafield>
  <datafield tag="700" ind1="1" ind2=" ">
    <subfield code="a">Beltr&#xE9;, Sonne</subfield>
    <subfield code="e">colaborador</subfield>
    <subfield code="9">194372</subfield>
  </datafield>
  <datafield tag="700" ind1="1" ind2=" ">
    <subfield code="a">Batista, Bilbania</subfield>
    <subfield code="e">colaborador</subfield>
    <subfield code="9">194373</subfield>
  </datafield>
  <datafield tag="942" ind1=" " ind2=" ">
    <subfield code="2">ddc</subfield>
    <subfield code="c">BK</subfield>
  </datafield>
  <datafield tag="999" ind1=" " ind2=" ">
    <subfield code="c">113460</subfield>
    <subfield code="d">113460</subfield>
  </datafield>
  <datafield tag="952" ind1=" " ind2=" ">
    <subfield code="0">0</subfield>
    <subfield code="1">0</subfield>
    <subfield code="2">ddc</subfield>
    <subfield code="7">0</subfield>
    <subfield code="8">GEN-RD</subfield>
    <subfield code="a">Principal</subfield>
    <subfield code="d">2025-02-16</subfield>
    <subfield code="l">0</subfield>
    <subfield code="o">RD 345.805 A265d</subfield>
    <subfield code="p">250264</subfield>
    <subfield code="r">2025-04-16 15:43:41</subfield>
    <subfield code="t">Ej. 1</subfield>
    <subfield code="w">2025-04-16</subfield>
    <subfield code="y">BK</subfield>
  </datafield>
</record>
